[Event "Hordaland-ch NGP A"]
[Site "Bergen"]
[Date "2018.06.10"]
[Round "6"]
[White "Ziegler, Lars"]
[Black "Andas, Kjetil"]
[Result "0-1"]
[WhiteElo "1699"]
[BlackElo "1763"]
[PlyCount "84"]
[EventDate "2018.06.08"]
[EventType "swiss"]
[EventRounds "6"]
[EventCountry "NOR"]
[SourceTitle "EXT 2024"]
[Source "ChessBase"]
[SourceDate "2023.10.10"]
[SourceVersion "1"]
[SourceVersionDate "2023.10.10"]
[SourceQuality "1"]

1. c4 Nf6 2. Nf3 e6 3. Nc3 Bb4 4. g3 b6 5. Bg2 Bb7 6. 0-0 0-0 7. a3 Bxc3 8. dxc3 d5 9. cxd5 exd5 10. Bf4 Nbd7 11. Qc2 Nc5 12. Rfd1 Ne6 13. Be5 Qe7 14. Bxf6 Qxf6 15. Rd2 Nc5 16. Rad1 Ne4 17. Rd3 Rfe8 18. b4 Ba6 19. Rxd5 Nxc3 20. Rf5 Rxe2 21. Rxf6 Rxc2 22. Nd4 Nxd1 23. Nxc2 gxf6 24. Bxa8 Nc3 25. Nd4 Bd3 26. Bc6 a5 27. bxa5 bxa5 28. Nb3 a4 29. Nc5 Bb5 30. Bxb5 Nxb5 31. Nxa4 Nxa3 32. Kg2 Kf8 33. Kf3 Ke7 34. Kf4 Nc4 35. Nc5 Nb6 36. Ke4 c6 37. Nd3 Nd7 38. Nf4 Kd6 39. Kf5 c5 40. h4 c4 41. Ke4 Kc5 42. Nd5 f5+ 0-1

[Event "Bergen Grand Prix A"]
[Site "Bergen"]
[Date "2015.10.24"]
[Round "2"]
[White "Andas, Kjetil"]
[Black "Instefjord, Stian"]
[Result "0-1"]
[WhiteElo "1666"]
[BlackElo "1798"]
[PlyCount "108"]
[EventDate "2015.10.23"]
[EventType "swiss"]
[EventRounds "5"]
[EventCountry "NOR"]
[SourceTitle "EXT 2024"]
[Source "ChessBase"]
[SourceDate "2023.10.10"]
[SourceVersion "1"]
[SourceVersionDate "2023.10.10"]
[SourceQuality "1"]

1. e4 g6 2. d4 Bg7 3. Nf3 d6 4. Bd3 Bg4 5. c3 Nd7 6. Nbd2 c5 7. h3 Bxf3 8. Nxf3 cxd4 9. cxd4 Qb6 10. Qa4 Ngf6 11. 0-0 0-0 12. Bd2 a6 13. Rac1 Rac8 14. Ba5 Qa7 15. e5 dxe5 16. dxe5 Nc5 17. Rxc5 Qxc5 18. exf6 Bxf6 19. b3 Bc3 20. Bxc3 Qxc3 21. Qe4 Rfd8 22. Bb1 Rc7 23. Qf4 f6 24. h4 Kg7 25. Qg4 Rd5 26. Be4 f5 27. Qf4 fxe4 28. Ng5 Rxg5 29. Qxg5 Qf6 30. Qd5 Qf5 31. Qd4+ e5 32. Qd5 Rd7 33. Qc4 Kf6 34. g3 Rd4 35. Qc5 Qd7 36. Qb6+ Rd6 37. Qe3 Qc6 38. Rc1 Qd5 39. Re1 Qd4 40. Qxe4 Qxe4 41. Rxe4 Rd2 42. a4 Rd4 43. Rxd4 exd4 44. Kf1 Kf5 45. f3 Ke5 46. Ke2 Kd5 47. Kd3 Kc5 48. g4 Kd5 49. f4 a5 50. f5 gxf5 51. g5 Ke5 52. h5 f4 53. g6 hxg6 54. hxg6 Kf6 0-1

[Event "Bergen Grand Prix A"]
[Site "Bergen"]
[Date "2015.10.23"]
[Round "1"]
[White "Merkesvik, Sondre"]
[Black "Andas, Kjetil"]
[Result "1-0"]
[WhiteElo "2179"]
[BlackElo "1666"]
[PlyCount "95"]
[EventDate "2015.10.23"]
[EventType "swiss"]
[EventRounds "5"]
[EventCountry "NOR"]
[SourceTitle "EXT 2024"]
[Source "ChessBase"]
[SourceDate "2023.10.10"]
[SourceVersion "1"]
[SourceVersionDate "2023.10.10"]
[SourceQuality "1"]

1. d4 Nf6 2. Nf3 e6 3. g3 b6 4. Bg2 Bb7 5. 0-0 Be7 6. c4 0-0 7. Nc3 d5 8. Ne5 Nbd7 9. Bf4 Ne4 10. cxd5 exd5 11. Nxe4 dxe4 12. Nxd7 Qxd7 13. Qc2 f5 14. Qxc7 Qxc7 15. Bxc7 Rac8 16. Rfc1 Bf6 17. e3 Rf7 18. Bd6 Rd7 19. Rxc8+ Bxc8 20. Ba3 Rc7 21. b3 Bd7 22. Rc1 Rb7 23. Bf1 b5 24. Bd6 Kf7 25. h4 Ke6 26. Bb4 h6 27. Rc5 Kf7 28. Rc2 g5 29. hxg5 hxg5 30. Bd6 Rb6 31. Bc5 Rb7 32. Bb4 Bd8 33. Bg2 Bc7 34. g4 a5 35. Bd2 b4 36. gxf5 Bxf5 37. Rc5 Kf6 38. f3 exf3 39. Bxf3 Ra7 40. e4 Bd7 41. Bxg5+ Kg6 42. Be3 Bb6 43. Rd5 Kf7 44. Rd6 Bd8 45. e5 Be7 46. e6+ Bxe6 47. Rxe6 Kxe6 48. d5+ 1-0

[Event "Sandnes Masfjorden op"]
[Site "Sandnes"]
[Date "2015.02.14"]
[Round "4"]
[White "Mikalsen, Erlend"]
[Black "Andas, Kjetil"]
[Result "1-0"]
[WhiteElo "2178"]
[BlackElo "1813"]
[PlyCount "129"]
[EventDate "2015.02.13"]
[EventType "swiss"]
[EventRounds "6"]
[EventCountry "NOR"]
[SourceTitle "EXT 2017"]
[Source "ChessBase"]
[SourceDate "2016.10.25"]
[SourceVersion "1"]
[SourceVersionDate "2016.10.25"]
[SourceQuality "1"]

1. e4 e5 2. Nf3 Nc6 3. Bb5 a6 4. Bxc6 dxc6 5. 0-0 Bg4 6. h3 h5 7. d3 Bxf3 8. Qxf3 Qf6 9. Qe3 Bd6 10. b3 Ne7 11. Bb2 0-0-0 12. Qa7 g5 13. g3 h4 14. g4 Ng6 15. Nd2 Bb4 16. Nc4 Qf3 17. Qe3 Qf6 18. Rad1 b5 19. a3 Be7 20. Na5 c5 21. c3 Qb6 22. b4 Nf4 23. Rfe1 Rd7 24. d4 c4 25. d5 Nd3 26. Rxd3 cxd3 27. Nc6 Qxe3 28. Rxe3 d2 29. Rd3 Bf6 30. Rxd2 Re8 31. c4 bxc4 32. Rc2 Bg7 33. Rxc4 Rd6 34. Bc1 f6 35. Kf1 Bf8 36. Ke2 Kb7 37. Kd3 Rd7 38. Na5+ Kb8 39. Kc2 Rd6 40. Be3 Rd7 41. Kb3 Rc8 42. Ka4 Be7 43. Nc6+ Kb7 44. Rc2 Ra8 45. Na5+ Kc8 46. Nc4 Kb7 47. Nd2 Rc8 48. Nb3 Kb8 49. Ka5 Kb7 50. Rc6 Ra8 51. Bc5 Bd6 52. f3 Rdd8 53. Bf2 Rd7 54. Be3 Be7 55. Re6 Rc8 56. Rxa6 Ra8 57. Rxa8 Kxa8 58. Kb5 Rd8 59. Na5 Rb8+ 60. Kc6 Bxb4 61. axb4 Rxb4 62. Kxc7 Rb2 63. d6 f5 64. d7 Rc2+ 65. Nc6 1-0

[Event "Bergen op"]
[Site "Bergen"]
[Date "2014.10.11"]
[Round "3"]
[White "Andas, Kjetil"]
[Black "Skytte, Torill"]
[Result "1-0"]
[WhiteElo "1681"]
[BlackElo "1985"]
[PlyCount "67"]
[EventDate "2014.10.10"]
[EventType "swiss"]
[EventRounds "5"]
[EventCountry "NOR"]
[SourceTitle "EXT 2015"]
[Source "ChessBase"]
[SourceDate "2014.11.20"]
[SourceVersion "1"]
[SourceVersionDate "2014.11.20"]
[SourceQuality "1"]

1. e4 e6 2. d4 d5 3. e5 c5 4. c3 Qb6 5. Nf3 Bd7 6. Bd3 cxd4 7. cxd4 Bb5 8. Nc3 Bxd3 9. Qxd3 Nc6 10. a3 Nge7 11. 0-0 Nf5 12. Ne2 Be7 13. Bd2 0-0 14. b4 a6 15. g4 Nh6 16. Bxh6 gxh6 17. Qe3 Kh8 18. Qxh6 Rg8 19. Qf4 Raf8 20. h3 f6 21. exf6 Rxf6 22. Qe3 h5 23. g5 Rxf3 24. Qxf3 Rxg5+ 25. Kh1 Nxd4 26. Qe3 Bf6 27. Rad1 e5 28. f4 Rg6 29. fxe5 Nxe2 30. Qxe2 Be7 31. Qxh5+ Kg7 32. Rg1 d4 33. Rxg6+ Qxg6 34. Rg1 1-0

[Event "NOR-ch Kadett-A"]
[Site "Lillehammer"]
[Date "2013.06.29"]
[Round "3"]
[White "Kyrkjebo, Marte Bakken"]
[Black "Andas, Kjetil"]
[Result "1-0"]
[WhiteElo "1563"]
[BlackElo "1492"]
[PlyCount "57"]
[EventDate "2013.06.29"]
[EventType "swiss"]
[EventRounds "9"]
[EventCountry "NOR"]
[SourceTitle "EXT 2017"]
[Source "ChessBase"]
[SourceDate "2016.10.25"]
[SourceVersion "1"]
[SourceVersionDate "2016.10.25"]
[SourceQuality "1"]

1. e4 c6 2. d4 d5 3. e5 c5 4. dxc5 e6 5. Be3 Qc7 6. Qd4 Nc6 7. Bb5 Nge7 8. Nf3 Bd7 9. Bxc6 Nxc6 10. Qc3 Be7 11. 0-0 0-0 12. Nbd2 f6 13. exf6 Bxf6 14. Qb3 d4 15. Bg5 Na5 16. Qb4 e5 17. Bxf6 gxf6 18. Ne4 Rac8 19. Rfe1 Be6 20. Qd2 Nc4 21. Qh6 Qg7 22. Qxg7+ Kxg7 23. b3 Na5 24. Nd6 Rxc5 25. Nxd4 exd4 26. Rxe6 Rxc2 27. Nf5+ Kg6 28. Nxd4 Rd8 29. Nxc2 1-0

[Event "NOR-ch Kadett-A"]
[Site "Lillehammer"]
[Date "2013.06.29"]
[Round "5"]
[White "Lobersli, Henrik Oie"]
[Black "Andas, Kjetil"]
[Result "1/2-1/2"]
[WhiteElo "1665"]
[BlackElo "1492"]
[PlyCount "47"]
[EventDate "2013.06.29"]
[EventType "swiss"]
[EventRounds "9"]
[EventCountry "NOR"]
[SourceTitle "EXT 2017"]
[Source "ChessBase"]
[SourceDate "2016.10.25"]
[SourceVersion "1"]
[SourceVersionDate "2016.10.25"]
[SourceQuality "1"]

1. e4 e5 2. Nf3 Nc6 3. Bb5 a6 4. Ba4 Nf6 5. 0-0 Be7 6. Re1 b5 7. Bb3 0-0 8. h3 d6 9. c3 Nb8 10. d4 Nbd7 11. Nbd2 Bb7 12. Bc2 Re8 13. Nf1 Bf8 14. Ng3 g6 15. a4 Bg7 16. b3 c5 17. d5 Qc7 18. Be3 Nb6 19. Qd2 bxa4 20. bxa4 Nc4 21. Qe2 Nxe3 22. Qxe3 a5 23. c4 Ba6 24. Bd3 1/2-1/2

[Event "NOR-ch U16"]
[Site "Sandefjord"]
[Date "2012.07.08"]
[Round "2"]
[White "Nordstrom, Hakon N"]
[Black "Andas, Kjetil"]
[Result "1-0"]
[WhiteElo "1589"]
[BlackElo "1442"]
[PlyCount "29"]
[EventDate "2012.07.07"]
[EventType "swiss"]
[EventRounds "9"]
[EventCountry "NOR"]
[SourceTitle "EXT 2024"]
[Source "ChessBase"]
[SourceDate "2023.10.10"]
[SourceVersion "1"]
[SourceVersionDate "2023.10.10"]
[SourceQuality "1"]

1. d4 Nf6 2. Bg5 Ne4 3. Bf4 c5 4. f3 Qa5+ 5. c3 Nf6 6. d5 Qb6 7. e4 Qxb2 8. Nd2 Qxc3 9. Bc7 g6 10. Rc1 Qa3 11. Nc4 Qb4+ 12. Kf2 b6 13. Rb1 Qc3 14. Be5 Nxd5 15. exd5 1-0

[Event "Hordaland-ch NGP A"]
[Site "Bergen"]
[Date "2012.04.14"]
[Round "2"]
[White "Andas, Kjetil"]
[Black "Nyland, Thomas"]
[Result "1/2-1/2"]
[WhiteElo "1587"]
[BlackElo "2049"]
[PlyCount "73"]
[EventDate "2012.04.13"]
[EventType "swiss"]
[EventRounds "5"]
[EventCountry "NOR"]
[SourceTitle "EXT 2024"]
[Source "ChessBase"]
[SourceDate "2023.10.10"]
[SourceVersion "1"]
[SourceVersionDate "2023.10.10"]
[SourceQuality "1"]

1. e4 e5 2. Nf3 Nc6 3. Bb5 Nf6 4. 0-0 Nxe4 5. d4 Nd6 6. Bxc6 dxc6 7. dxe5 Nf5 8. Qxd8+ Kxd8 9. Nc3 Ke8 10. h3 Be7 11. Bg5 Bxg5 12. Nxg5 Nd4 13. Rad1 Ne6 14. Nxe6 Bxe6 15. Ne4 Ke7 16. Rd4 Rhd8 17. Rfd1 Rxd4 18. Rxd4 Rd8 19. Rxd8 Kxd8 20. Nc5 Bxa2 21. Nxb7+ Ke7 22. Nc5 g5 23. Kh2 f6 24. exf6+ Kxf6 25. Kg3 Bb1 26. c3 Kf5 27. Kf3 h5 28. Ke3 Ke5 29. g3 Bf5 30. h4 g4 31. Nd3+ Bxd3 32. Kxd3 c5 33. c4 a5 34. b3 Kf5 35. Ke3 Ke5 36. Kd3 Kf5 37. Ke3 1/2-1/2

[Event "NOR-ch U14"]
[Site "Oslo"]
[Date "2011.11.??"]
[Round "3"]
[White "Andas, Kjetil"]
[Black "Skalnes, Erik"]
[Result "1-0"]
[WhiteElo "1576"]
[BlackElo "1923"]
[PlyCount "57"]
[EventDate "2011.11.25"]
[EventType "swiss"]
[EventRounds "7"]
[EventCountry "NOR"]
[SourceTitle "EXT 2024"]
[Source "ChessBase"]
[SourceDate "2023.10.10"]
[SourceVersion "1"]
[SourceVersionDate "2023.10.10"]
[SourceQuality "1"]

1. d4 d5 2. c4 c6 3. Nf3 Nf6 4. Nc3 e6 5. Bg5 Be7 6. e3 Nbd7 7. Qc2 h6 8. Bf4 a6 9. a3 Qa5 10. b4 Bxb4 11. axb4 Qxa1+ 12. Nb1 Nb6 13. c5 Qa4 14. Qb2 Nc4 15. Bxc4 dxc4 16. Nfd2 Nd5 17. Nxc4 Nxf4 18. exf4 a5 19. Nb6 Qxb4+ 20. Qxb4 axb4 21. Nxa8 e5 22. fxe5 Bf5 23. Ke2 Ke7 24. Nb6 g5 25. Nc4 Ra8 26. Nbd2 Bg6 27. Ke3 Ke6 28. Ne4 Kd5 29. Nb6+ 1-0